| 000 | 00699nmm a2200205Ia 4500 | ||
|---|---|---|---|
| 008 | 251105s9999||||xx |||||||||||||||||und|| | ||
| 020 | _a9788498951431 | ||
| 041 | _aspa | ||
| 100 | _aArredondo Sirodey, María Soledad | ||
| 245 | 0 |
_aTeatro Español de los siglos de Oro. : _b Dramaturgos, textos, escenarios y fiestas |
|
| 264 |
_a[Madrid, España] : _bVisor Libros, _c2013 |
||
| 300 | _a325 páginas | ||
| 490 | _aBiblioteca Filológica Hispana | ||
| 650 | _aSpanish literature | ||
| 700 | _aArredondo Sirodey, María Soledad | ||
| 700 | 1 | _a Martínez Pereira, Ana | |
| 700 | 1 | _a Fernández San Emeterio, Gerardo | |
| 856 | _uhttps://public.digitaliapublishing.com/a/24118 | ||
| 942 | _cCF | ||
| 999 |
_c62154 _d62154 |
||